Discovering the enneagram : (Record no. 120274)
[ view plain ]
| 000 -LEADER | |
|---|---|
| fixed length control field | 01140cam a2200313 a 4500 |
| 001 - CONTROL NUMBER | |
| control field | 3889309 |
| 003 - CONTROL NUMBER IDENTIFIER | |
| control field | ARRUPE |
| 005 - DATE AND TIME OF LATEST TRANSACTION | |
| control field | 20140326125246.0 |
| 008 - FIXED-LENGTH DATA ELEMENTS--GENERAL INFORMATION | |
| fixed length control field | 900419s1990 nyua b 001 0 eng |
| 010 ## - LIBRARY OF CONGRESS CONTROL NUMBER | |
| LC control number | 90037110 |
| 020 ## - INTERNATIONAL STANDARD BOOK NUMBER | |
| International Standard Book Number | 0824510178 : |
| Terms of availability | $17.95 |
| 040 ## - CATALOGING SOURCE | |
| Original cataloging agency | DLC |
| Transcribing agency | DLC |
| Modifying agency | DLC |
| 041 1# - LANGUAGE CODE | |
| Language code of text/sound track or separate title | eng |
| Language code of original and/or intermediate translations of text | ger |
| 050 00 - LIBRARY OF CONGRESS CALL NUMBER | |
| Classification number | BX2350.2 |
| Item number | .R6413 1990 |
| 082 00 - DEWEY DECIMAL CLASSIFICATION NUMBER | |
| Classification number | 248.2 |
| Edition number | 20 |
| 300 ## - PHYSICAL DESCRIPTION | |
| Other physical details | ill. ; |
| Dimensions | 24 cm. |
| 100 1# - MAIN ENTRY--PERSONAL NAME | |
| Personal name | Rohr, Richard. |
| 9 (RLIN) | 9414 |
| 240 10 - UNIFORM TITLE | |
| Uniform title | <a href="Enneagram.">Enneagram.</a> |
| Language of a work | English |
| 245 10 - TITLE STATEMENT | |
| Title | Discovering the enneagram : |
| Remainder of title | an ancient tool for a new spiritual journey / |
| Statement of responsibility, etc | Richard Rohr and Andreas Ebert ; translated by Peter Heinegg. |
| 260 ## - PUBLICATION, DISTRIBUTION, ETC. (IMPRINT) | |
| Place of publication, distribution, etc | New York : |
| Name of publisher, distributor, etc | Collins Dove |
| Date of publication, distribution, etc | 1991 |
| 300 ## - PHYSICAL DESCRIPTION | |
| Extent | xvi, 255 p. : |
| 500 ## - GENERAL NOTE | |
| General note | Translation of: Das Enneagram. |
| 504 ## - BIBLIOGRAPHY, ETC. NOTE | |
| Bibliography, etc | Includes bibliographical references (p. 232-243) and index. |
| 650 #0 - SUBJECT ADDED ENTRY--TOPICAL TERM | |
| Topical term or geographic name as entry element | Spiritual life |
| General subdivision | Catholic Church. |
| 9 (RLIN) | 9415 |
| 650 #0 - SUBJECT ADDED ENTRY--TOPICAL TERM | |
| Topical term or geographic name as entry element | Enneagram. |
| 9 (RLIN) | 9416 |
| 700 1# - ADDED ENTRY--PERSONAL NAME | |
| Personal name | Ebert, Andreas. |
| 9 (RLIN) | 9417 |
| 906 ## - LOCAL DATA ELEMENT F, LDF (RLIN) | |
| a | 7 |
| b | cbc |
| c | orignew |
| d | 1 |
| e | ocip |
| f | 19 |
| g | y-gencatlg |
| 942 ## - ADDED ENTRY ELEMENTS (KOHA) | |
| Source of classification or shelving scheme | Library of Congress Classification |
| Koha item type | Monograph ( Printed materials) |
| Withdrawn status | Lost status | Source of classification or shelving scheme | Damaged status | Not for loan | Collection code | Home library | Current library | Shelving location | Date acquired | Total Checkouts | Full call number | Barcode | Date last seen | Price effective from | Koha item type |
|---|---|---|---|---|---|---|---|---|---|---|---|---|---|---|---|
| Library of Congress Classification | Main Collection | ARRUPE LIBRARY | ARRUPE LIBRARY | Main Collection | 26/03/2014 | BF698.35.E54R6412 1990 | 46500001878 | 12/09/2016 | 26/03/2014 | Monograph ( Printed materials) |